书目信息

书名: 蹲桩拳 
作者: 邹德发
出版信息: 成都   四川科学技术出版社  1989.04
开本页数: 19cm  99页
丛书名: 峨眉武术丛书
单 册:
中图分类: G8
科图分类:
主题词: 体育
电子资源:
ISBN: 7-5364-1220-7
000 00574nam0 2200217 450
001 0635117265
005 20060227094557.60
010    @a7-5364-1220-7@dCNY1.30
100    @a20060227d1989 km y0chiy0120 ea
101 @achi
102    @aCN@b510000
200 @a蹲桩拳@Adun zhuang quan@f邹德发著@Fzou de fa zhu
210    @a成都@c四川科学技术出版社@d1989.04
215    @a99页@d19cm
225 @a峨眉武术丛书
410  0 @12001 @a峨眉武术丛书
606 @a体育
690    @aG8@v3
701  0 @a邹德发@Azou de fa@4著
801  0 @aCN@bNISOFT@c20060227
905    @a10447@dG8@e177
    
    蹲桩拳/邹德发著.-成都:四川科学技术出版社,1989.04
    99页;19cm.-(峨眉武术丛书)
    
    
    ISBN 7-5364-1220-7:CNY1.30
    
相关链接 在五车中查询图书 在当当中查询图书 在豆瓣中查询图书


正题名:蹲桩拳     索取号:G8/177         预约/预借

序号 登录号 条形码 馆藏地/架位号 状态 备注
1 73299   200732993   海科密-1楼/21架3列7层/ [索取号:G8/177] 在馆    
2 73300   200733000   海科密-1楼/21架3列7层/ [索取号:G8/177] 在馆    
3 73301   200733019   海科密-1楼/21架3列7层/ [索取号:G8/177] 在馆    
4 73302   200733028   海科密-1楼/21架3列7层/ [索取号:G8/177] 在馆    
5 73303   200733037   海科密-1楼/21架3列7层/ [索取号:G8/177] 在馆    
6 73304   200733046   海科密-1楼/21架3列7层/ [索取号:G8/177] 在馆    
7 73305   200733055   海科密-1楼/21架3列7层/ [索取号:G8/177] 在馆    
8 73306   200733064   海科密-1楼/21架3列7层/ [索取号:G8/177] 在馆    
9 73307   200733073   海科密-1楼/21架3列7层/ [索取号:G8/177] 在馆